[Event "4NCL 2019-20"]
[Site "Daventry"]
[Date "2020.02.09"]
[Round "6"]
[White "Makkar, Rajat"]
[Black "Kirk, Ezra"]
[Result "0-1"]
[WhiteElo "2179"]
[BlackElo "2430"]
[Annotator "TA"]
[PlyCount "110"]
[EventDate "2020.01.11"]
[EventCountry "ENG"]
[SourceTitle "playchess.com"]
[Source "ChessBase"]
[SourceQuality "1"]

{[%evp 10,110,0,-16,11,25,16,15,17,9,23,7,2,-2,-7,0,-8,-16,-14,-18,-23,-21,14,-15,0,-4,-19,-28,-18,-19,-17,-18,-29,-14,-27,-25,0,0,7,5,15,0,0,0,0,-58,-47,-107,-85,-91,-81,-264,-81,-82,-73,-72,-72,-83,-81,-80,-74,-91,-81,-96,-95,-94,-89,-99,-93,-121,-111,-129,-124,-129,-129,-134,-130,-127,-126,-160,-129,-975,-817,-1185,-1108,-964,-852,-1108,-964,-1622,-1550,-29962,-29963,-5181,-11624,-29958,-29956,-12246,-4610,-29980,-29981,-29983,-29984]} 1. d4 Nf6 2. c4 e6 3. g3 d5 4. Bg2 dxc4 5. Qa4+ Nbd7 6. Qxc4 Rb8 {[#] E03: Open Catalan: 5 Qa4+ Nbd7 6 Qxc4.} 7. a4 $146 ({Predecessor:} 7. Qd3 b5 8. Nf3 Bb7 9. O-O c5 {½-½ (9) Berkes,F (2662)-Aczel,G (2549) Budapest 2018}) 7... Nb6 8. Qd3 Nbd5 {The position is equal.} 9. Bd2 Bd7 10. e4 Nb4 11. Bxb4 Bxb4+ 12. Nc3 c5 13. Nge2 Bc6 14. O-O cxd4 15. Qxd4 Qa5 16. e5 Nd7 17. Rfd1 {[#] And now Bxc6 would win.} Rd8 18. Nb5 O-O 19. Qxa7 Qxa7 20. Nxa7 Bxg2 21. Kxg2 Nxe5 22. Nb5 Nd3 23. Ned4 Nc5 24. Nc2 Bd2 25. Nbd4 Bg5 26. b4 Ne4 27. h4 (27. Ne2 $11) 27... Bf6 $15 28. b5 (28. a5 $15) 28... Rd5 29. Kf3 Nd6 30. a5 $2 {[#]} (30. Rac1 $17 {was necessary.}) 30... Nxb5 $2 (30... Nf5 $1 $19 {is more deadly.} 31. Ra4 Nxd4+ 32. Nxd4 e5) 31. Nxb5 $17 Rf5+ 32. Kg2 {Rab1 is the strong threat.} Rxb5 33. Rdb1 Rc5 34. Ra2 Rc7 35. Ne3 g6 36. a6 bxa6 37. Rxa6 Bd4 38. Ra3 Kg7 39. Kf3 Rfc8 40. Rd1 e5 41. h5 Rc3 42. Rxc3 Rxc3 43. hxg6 hxg6 {[%mdl 4096] Endgame KRB-KRN} 44. Rb1 f5 45. Rb4 $2 {[%mdl 8192]} (45. Ke2 $17) 45... Kh6 $19 46. Ke2 Bxe3 $1 47. fxe3 {KR-KR} Rc2+ 48. Kf1 Kg5 49. Rh4 Ra2 50. Rb4 e4 51. Rb6 Kg4 52. Rxg6+ Kf3 {[%cal Ra2a1]} 53. Kg1 Rg2+ 54. Kh1 Rxg3 55. Rf6 Rg5 {Accuracy: White = 62%, Black = 87%.} 0-1

[Event "4NCL 2019-20"]
[Site "Daventry"]
[Date "2020.02.09"]
[Round "6"]
[White "Ivell, Nicholas W"]
[Black "Evans, Craig"]
[Result "1-0"]
[WhiteElo "2177"]
[BlackElo "2003"]
[Annotator "ChessBase"]
[PlyCount "61"]
[EventDate "2020.01.11"]
[EventCountry "ENG"]
[SourceTitle "playchess.com"]
[Source "ChessBase"]
[SourceQuality "1"]
[TimeControl "40/6000:3000+30"]

1. e4 {[%emt 0:00:00]} c6 {[%emt 0:02:13]} 2. d4 {[%emt 0:00:00]} d5 {[%emt 0:00:00]} 3. exd5 {[%emt 0:00:00]} cxd5 {[%emt 0:00:00]} 4. Bd3 {[%emt 0:00:00]} Nc6 {[%emt 0:00:00]} 5. c3 {[%emt 0:00:00]} g6 {[%emt 0:00:00]} 6. Nf3 {[%emt 0:00:34]} Bg7 {[%emt 0:00:00]} 7. O-O {[%emt 0:00:06]} Nf6 {[%emt 0:00:00]} 8. Re1 {[%emt 0:03:18]} O-O {[%emt 0:00:00]} 9. Nbd2 {[%emt 0:01:52]} Bf5 {[%emt 0:00:10]} 10. Bxf5 {[%emt 0:02:26]} gxf5 {[%emt 0:00:00]} 11. Nf1 {[%emt 0:02:46]} e6 {[%emt 0:06:56]} 12. Ng3 {[%emt 0:02:33]} Ne4 {[%emt 0:04:38]} 13. Nh5 {[%emt 0:01:57]} Rc8 {[%emt 0:05:17]} 14. Bf4 {[%emt 0:07:09]} f6 {[%emt 0:08:38]} 15. Nh4 {[%emt 0:17:17]} Qd7 {[%emt 0:04:55]} 16. f3 {[%emt 0:02:26]} Ng5 {[%emt 0:02:02]} 17. Qd3 {[%emt 0:03:38]} Qf7 {[%emt 0:13:10]} 18. Ng3 {[%emt 0:00:41]} Rfe8 {[%emt 0:13:58]} 19. Re2 {[%emt 0:02:40]} Ne7 {[%emt 0:06:10]} 20. Rae1 {[%emt 0:01:29]} Ng6 {[%emt 0:00:20]} 21. Nxg6 {[%emt 0:03:40]} hxg6 {[%emt 0:00:00]} 22. Bxg5 {[%emt 0:01:28]} fxg5 {[%emt 0:00:00]} 23. Nh1 {[%emt 0:00:17]} Rc6 {[%emt 0:10:19]} 24. Nf2 {[%emt 0:00:00]} Bf6 {[%emt 0:00:48]} 25. Qd2 {[%emt 0:00:44]} Qh7 {[%emt 0:00:31]} 26. Nd3 {[%emt 0:00:50]} Qh4 {[%emt 0:04:14]} 27. Ne5 {[%emt 0:01:37]} Bxe5 {[%emt 0:00:00]} 28. Rxe5 {[%emt 0:00:08]} Kf7 {[%emt 0:00:21]} 29. Qe2 {[%emt 0:03:19]} Rd8 {[%emt 0:02:51]} 30. g3 {[%emt 0:00:19]} Qh8 {[%emt 0:00:06]} 31. Rxe6 {[%emt 0:00:00]} 1-0

[Event "4NCL 2019-20"]
[Site "Daventry"]
[Date "2020.02.09"]
[Round "6"]
[White "Gallagher, Daniel GH"]
[Black "Abbas, Daniel"]
[Result "1-0"]
[WhiteElo "2171"]
[BlackElo "2251"]
[Annotator "ChessBase"]
[PlyCount "68"]
[EventDate "2020.01.11"]
[EventCountry "ENG"]
[SourceTitle "playchess.com"]
[Source "ChessBase"]
[SourceQuality "1"]
[TimeControl "40/6000:3000+30"]

1. e4 {[%emt 0:00:00]} c5 {[%emt 0:00:00]} 2. Nf3 {[%emt 0:00:00]} e6 {[%emt 0:00:00]} 3. b3 {[%emt 0:00:00]} a6 {[%emt 0:00:00]} 4. Bb2 {[%emt 0:00:00]} Nc6 {[%emt 0:00:00]} 5. c4 {[%emt 0:00:57]} Qc7 {[%emt 0:00:00]} 6. g3 {[%emt 0:00:04]} Nf6 {[%emt 0:05:13]} 7. Nc3 {[%emt 0:02:18]} Rb8 {[%emt 0:06:50]} 8. Bg2 {[%emt 0:16:13]} Be7 {[%emt 0:05:02]} 9. O-O {[%emt 0:05:12]} b5 {[%emt 0:05:59]} 10. d3 {[%emt 0:00:39]} d6 {[%emt 0:03:26]} 11. Nh4 {[%emt 0:07:59]} O-O {[%emt 0:06:15]} 12. f4 {[%emt 0:00:00]} Nd7 {[%emt 0:02:42]} 13. Nf3 {[%emt 0:03:29]} Bf6 {[%emt 0:01:39]} 14. Qd2 {[%emt 0:05:01]} Nd4 {[%emt 0:08:09]} 15. Kh1 {[%emt 0:05:24]} Rb6 {[%emt 0:08:44]} 16. Rac1 {[%emt 0:04:04]} Bb7 {[%emt 0:01:20]} 17. Nxd4 {[%emt 0:03:27]} cxd4 {[%emt 0:01:32]} 18. Ne2 {[%emt 0:00:39]} bxc4 {[%emt 0:01:42]} 19. Rxc4 {[%emt 0:02:13]} Qb8 {[%emt 0:00:03]} 20. Bxd4 {[%emt 0:02:33]} d5 {[%emt 0:00:12]} 21. exd5 {[%emt 0:02:16]} exd5 {[%emt 0:00:00]} 22. Rcc1 {[%emt 0:00:05]} Re6 {[%emt 0:00:03]} 23. Bxf6 {[%emt 0:00:47]} Nxf6 {[%emt 0:00:00]} 24. Nd4 {[%emt 0:00:00]} Re7 {[%emt 0:00:00]} 25. h3 {[%emt 0:08:40]} Rfe8 {[%emt 0:00:19]} 26. Rfe1 {[%emt 0:00:00]} g6 {[%emt 0:00:33]} 27. Rxe7 {[%emt 0:02:48]} Rxe7 {[%emt 0:00:22]} 28. Nc6 {[%emt 0:00:00]} Bxc6 {[%emt 0:00:00]} 29. Rxc6 {[%emt 0:00:00]} Nh5 {[%emt 0:00:36]} 30. Kh2 {[%emt 0:01:05]} d4 {[%emt 0:04:18]} 31. Rxa6 {[%emt 0:06:28]} Kg7 {[%emt 0:01:49]} 32. Ra4 {[%emt 0:06:53]} Qe8 {[%emt 0:08:06]} 33. Qb4 {[%emt 0:02:57]} Re2 {[%emt 0:00:26]} 34. Qxd4+ {[%emt 0:00:00]} f6 {[%emt 0:01:01]} 1-0

[Event "4NCL 2019-20"]
[Site "Daventry"]
[Date "2020.02.09"]
[Round "6"]
[White "French, Max"]
[Black "Zhou, Yang-Fan"]
[Result "1/2-1/2"]
[WhiteElo "2168"]
[BlackElo "2433"]
[Annotator "ChessBase"]
[PlyCount "63"]
[EventDate "2020.01.11"]
[EventCountry "ENG"]
[SourceTitle "playchess.com"]
[Source "ChessBase"]
[SourceQuality "1"]
[TimeControl "40/6000:3000+30"]

1. d4 {[%emt 0:00:00]} Nf6 {[%emt 0:01:52]} 2. c4 {[%emt 0:00:00]} g6 {[%emt 0:00:00]} 3. Nc3 {[%emt 0:00:00]} Bg7 {[%emt 0:00:00]} 4. e4 {[%emt 0:00:00]} O-O {[%emt 0:00:00]} 5. Be2 {[%emt 0:00:00]} d6 {[%emt 0:00:00]} 6. Be3 {[%emt 0:00:00]} Na6 {[%emt 0:00:00]} 7. Nf3 {[%emt 0:00:00]} e5 {[%emt 0:00:00]} 8. d5 {[%emt 0:00:00]} Ng4 {[%emt 0:04:17]} 9. Bg5 {[%emt 0:00:00]} f6 {[%emt 0:00:00]} 10. Bh4 {[%emt 0:00:00]} Qe8 {[%emt 0:08:57]} 11. Nd2 {[%emt 0:00:00]} f5 {[%emt 0:06:10]} 12. Bxg4 {[%emt 0:00:00]} fxg4 {[%emt 0:00:00]} 13. Bg5 {[%emt 0:00:00]} Nc5 {[%emt 0:07:03]} 14. Qe2 {[%emt 0:02:50]} a5 {[%emt 0:03:55]} 15. O-O {[%emt 0:04:43]} Rf7 {[%emt 0:03:55]} 16. f3 {[%emt 0:06:03]} h6 {[%emt 0:09:59]} 17. Be3 {[%emt 0:00:00]} h5 {[%emt 0:00:00]} 18. Rf2 {[%emt 0:02:02]} Qe7 {[%emt 0:04:05]} 19. Raf1 {[%emt 0:13:37]} Bd7 {[%emt 0:04:29]} 20. fxg4 {[%emt 0:05:30]} Rxf2 {[%emt 0:00:00]} 21. Rxf2 {[%emt 0:00:00]} hxg4 {[%emt 0:03:06]} 22. g3 {[%emt 0:03:06]} a4 {[%emt 0:03:45]} 23. Ndb1 {[%emt 0:09:29]} Ra6 {[%emt 0:10:49]} 24. Na3 {[%emt 0:01:33]} Rb6 {[%emt 0:02:12]} 25. Nab5 {[%emt 0:08:23]} c6 {[%emt 0:09:44]} 26. Bxc5 {[%emt 0:01:28]} dxc5 {[%emt 0:00:00]} 27. Nxa4 {[%emt 0:03:52]} Ra6 {[%emt 0:00:00]} 28. d6 {[%emt 0:00:51]} Qg5 {[%emt 0:00:28]} 29. Nxc5 {[%emt 0:06:43]} cxb5 {[%emt 0:00:00]} 30. Nxa6 {[%emt 0:01:39]} bxa6 {[%emt 0:00:00]} 31. cxb5 {[%emt 0:04:38]} axb5 {[%emt 0:00:00]} 32. Qc2 {[%emt 0:03:36]} 1/2-1/2

[Event "4NCL 2019-20"]
[Site "Daventry"]
[Date "2020.02.09"]
[Round "6"]
[White "Sucikova, Svetlana"]
[Black "Bhatia, Kanwal K"]
[Result "1-0"]
[WhiteElo "2160"]
[BlackElo "2037"]
[Annotator "ChessBase"]
[PlyCount "59"]
[EventDate "2020.01.11"]
[EventCountry "ENG"]
[SourceTitle "playchess.com"]
[Source "ChessBase"]
[SourceQuality "1"]
[TimeControl "40/6000:3000+30"]

1. e3 {[%emt 0:01:13]} e5 {[%emt 0:00:41]} 2. c4 {[%emt 0:00:11]} Nf6 {[%emt 0:01:32]} 3. Nc3 {[%emt 0:00:04]} d5 {[%emt 0:12:08]} 4. cxd5 {[%emt 0:03:35]} Nxd5 {[%emt 0:00:00]} 5. Bc4 {[%emt 0:10:12]} Nb6 {[%emt 0:08:06]} 6. Bb3 {[%emt 0:01:55]} Nc6 {[%emt 0:00:24]} 7. Qf3 {[%emt 0:09:33]} Qe7 {[%emt 0:01:10]} 8. a3 {[%emt 0:00:06]} g6 {[%emt 0:02:21]} 9. h4 {[%emt 0:18:15]} h5 {[%emt 0:11:35]} 10. Nh3 {[%emt 0:05:46]} Bg4 {[%emt 0:04:22]} 11. Qg3 {[%emt 0:00:00]} Nd4 {[%emt 0:10:12]} 12. exd4 {[%emt 0:03:04]} exd4+ {[%emt 0:00:00]} 13. Kf1 {[%emt 0:00:00]} dxc3 {[%emt 0:00:42]} 14. dxc3 {[%emt 0:00:34]} O-O-O {[%emt 0:10:55]} 15. Be3 {[%emt 0:05:27]} Be6 {[%emt 0:01:31]} 16. Bc2 {[%emt 0:08:31]} Bg7 {[%emt 0:06:14]} 17. Kg1 {[%emt 0:02:15]} Rd7 {[%emt 0:07:47]} 18. Re1 {[%emt 0:00:54]} Nc4 {[%emt 0:02:20]} 19. Bc1 {[%emt 0:02:02]} Qc5 {[%emt 0:01:31]} 20. Ng5 {[%emt 0:07:42]} Bg4 {[%emt 0:04:02]} 21. Kh2 {[%emt 0:02:57]} Rhd8 {[%emt 0:05:39]} 22. Rhf1 {[%emt 0:02:21]} Nd2 {[%emt 0:00:45]} 23. Rg1 {[%emt 0:03:51]} Bf8 {[%emt 0:02:25]} 24. Kh1 {[%emt 0:00:20]} Qb6 {[%emt 0:00:00]} 25. Qf4 {[%emt 0:02:04]} Bc5 {[%emt 0:00:05]} 26. Ba4 {[%emt 0:01:40]} Rd5 {[%emt 0:00:45]} 27. Bxd2 {[%emt 0:00:39]} Rxd2 {[%emt 0:00:00]} 28. Nxf7 {[%emt 0:00:00]} Rxf2 {[%emt 0:00:00]} 29. Qg5 {[%emt 0:00:00]} Rxf7 {[%emt 0:00:23]} 30. Qxd8+ {[%emt 0:00:00]} 1-0

[Event "4NCL 2019-20"]
[Site "Daventry"]
[Date "2020.02.09"]
[Round "6"]
[White "Maciol, Ryszard"]
[Black "Carleton, John J"]
[Result "1/2-1/2"]
[WhiteElo "2158"]
[BlackElo "2238"]
[Annotator "ChessBase"]
[PlyCount "67"]
[EventDate "2020.01.11"]
[EventCountry "ENG"]
[SourceTitle "playchess.com"]
[Source "ChessBase"]
[SourceQuality "1"]
[TimeControl "40/6000:3000+30"]

1. d4 {[%emt 0:01:02]} d5 {[%emt 0:00:00]} 2. c4 {[%emt 0:00:00]} e6 {[%emt 0:00:00]} 3. Nc3 {[%emt 0:00:00]} Bb4 {[%emt 0:00:00]} 4. Nf3 {[%emt 0:00:04]} Nf6 {[%emt 0:00:00]} 5. e3 {[%emt 0:02:20]} O-O {[%emt 0:00:00]} 6. Bd3 {[%emt 0:00:00]} Nc6 {[%emt 0:01:14]} 7. O-O {[%emt 0:00:49]} dxc4 {[%emt 0:00:43]} 8. Bxc4 {[%emt 0:00:00]} a6 {[%emt 0:00:00]} 9. Ne2 {[%emt 0:02:27]} Bd6 {[%emt 0:01:33]} 10. Qc2 {[%emt 0:01:54]} b5 {[%emt 0:09:05]} 11. Bb3 {[%emt 0:00:00]} Bb7 {[%emt 0:00:12]} 12. Bd2 {[%emt 0:01:39]} e5 {[%emt 0:04:07]} 13. dxe5 {[%emt 0:01:26]} Nxe5 {[%emt 0:00:00]} 14. Nxe5 {[%emt 0:00:00]} Bxe5 {[%emt 0:00:00]} 15. Ng3 {[%emt 0:01:24]} Ng4 {[%emt 0:05:02]} 16. Qf5 {[%emt 0:10:12]} Bxg3 {[%emt 0:17:01]} 17. hxg3 {[%emt 0:03:21]} Qxd2 {[%emt 0:00:00]} 18. Qxg4 {[%emt 0:00:00]} Qxb2 {[%emt 0:00:00]} 19. Rac1 {[%emt 0:03:13]} Qe5 {[%emt 0:04:35]} 20. Qf4 {[%emt 0:04:43]} Qxf4 {[%emt 0:00:00]} 21. gxf4 {[%emt 0:00:00]} c6 {[%emt 0:00:00]} 22. Rc5 {[%emt 0:01:27]} Rfd8 {[%emt 0:00:16]} 23. g4 {[%emt 0:03:18]} Kf8 {[%emt 0:01:33]} 24. Kg2 {[%emt 0:01:04]} a5 {[%emt 0:04:13]} 25. Rh1 {[%emt 0:07:32]} h6 {[%emt 0:04:40]} 26. g5 {[%emt 0:01:50]} hxg5 {[%emt 0:02:35]} 27. Re5 {[%emt 0:05:22]} c5+ {[%emt 0:05:33]} 28. f3 {[%emt 0:00:16]} g6 {[%emt 0:03:56]} 29. Rxc5 {[%emt 0:03:56]} g4 {[%emt 0:21:53]} 30. e4 {[%emt 0:08:18]} Rd7 {[%emt 0:03:23]} 31. Rxb5 {[%emt 0:04:52]} Kg7 {[%emt 0:01:00]} 32. Rd1 {[%emt 0:04:18]} Rxd1 {[%emt 0:02:03]} 33. Bxd1 {[%emt 0:00:00]} Rd8 {[%emt 0:00:24]} 34. Rxb7 {[%emt 0:03:34]} 1/2-1/2

[Event "4NCL 2019-20"]
[Site "Daventry"]
[Date "2020.02.09"]
[Round "6"]
[White "Zulfic, Fedja"]
[Black "House, Glenn L"]
[Result "0-1"]
[WhiteElo "2156"]
[BlackElo "2239"]
[Annotator "ChessBase"]
[PlyCount "82"]
[EventDate "2020.01.11"]
[EventCountry "ENG"]
[SourceTitle "playchess.com"]
[Source "ChessBase"]
[SourceQuality "1"]
[TimeControl "40/6000:3000+30"]

1. e4 {[%emt 0:00:00]} c5 {[%emt 0:00:55]} 2. Nf3 {[%emt 0:00:00]} e6 {[%emt 0:00:00]} 3. d4 {[%emt 0:00:00]} cxd4 {[%emt 0:00:00]} 4. Nxd4 {[%emt 0:00:00]} Nf6 {[%emt 0:00:00]} 5. Nc3 {[%emt 0:00:00]} d6 {[%emt 0:00:00]} 6. Be3 {[%emt 0:00:00]} Be7 {[%emt 0:00:00]} 7. f3 {[%emt 0:00:00]} O-O {[%emt 0:00:00]} 8. Qd2 {[%emt 0:00:00]} d5 {[%emt 0:00:00]} 9. e5 {[%emt 0:08:41]} Nfd7 {[%emt 0:00:00]} 10. f4 {[%emt 0:02:28]} Nc6 {[%emt 0:00:00]} 11. O-O-O {[%emt 0:03:11]} a6 {[%emt 0:00:00]} 12. Kb1 {[%emt 0:06:50]} Qc7 {[%emt 0:00:15]} 13. g4 {[%emt 0:06:26]} Nxd4 {[%emt 0:01:58]} 14. Bxd4 {[%emt 0:00:00]} b5 {[%emt 0:00:00]} 15. Bg2 {[%emt 0:10:50]} b4 {[%emt 0:07:22]} 16. Ne2 {[%emt 0:00:34]} a5 {[%emt 0:07:44]} 17. g5 {[%emt 0:07:40]} Bb7 {[%emt 0:14:57]} 18. Rhf1 {[%emt 0:20:37]} g6 {[%emt 0:13:03]} 19. h4 {[%emt 0:00:05]} Rfc8 {[%emt 0:03:19]} 20. h5 {[%emt 0:01:31]} Ba6 {[%emt 0:07:49]} 21. hxg6 {[%emt 0:00:41]} hxg6 {[%emt 0:02:14]} 22. f5 {[%emt 0:08:17]} Qxc2+ {[%emt 0:00:37]} 23. Qxc2 {[%emt 0:00:23]} Rxc2 {[%emt 0:00:00]} 24. fxe6 {[%emt 0:06:27]} fxe6 {[%emt 0:01:12]} 25. Bh3 {[%emt 0:02:55]} Rc6 {[%emt 0:00:35]} 26. Rf2 {[%emt 0:01:54]} Rac8 {[%emt 0:08:12]} 27. Nf4 {[%emt 0:02:37]} Nf8 {[%emt 0:01:16]} 28. Rg2 {[%emt 0:00:33]} a4 {[%emt 0:02:48]} 29. Rh1 {[%emt 0:02:19]} R8c7 {[%emt 0:04:13]} 30. Rg3 {[%emt 0:00:00]} Bc8 {[%emt 0:02:20]} 31. Bg2 {[%emt 0:00:15]} Bc5 {[%emt 0:03:11]} 32. Bxc5 {[%emt 0:02:43]} Rxc5 {[%emt 0:00:00]} 33. Nd3 {[%emt 0:00:00]} Rc4 {[%emt 0:02:12]} 34. Nf2 {[%emt 0:00:00]} Rh7 {[%emt 0:00:57]} 35. Rd1 {[%emt 0:00:12]} Rhh4 {[%emt 0:00:53]} 36. Bf3 {[%emt 0:01:01]} Rcf4 {[%emt 0:01:11]} 37. Ng4 {[%emt 0:00:13]} Rxf3 {[%emt 0:00:49]} 38. Rxf3 {[%emt 0:00:01]} Rxg4 {[%emt 0:00:00]} 39. Rc1 {[%emt 0:00:00]} Bd7 {[%emt 0:00:00]} 40. Rcf1 {[%emt 0:00:00]} Nh7 {[%emt 0:00:12]} 41. Rf7 {[%emt 0:50:27]} Bb5 {[%emt 0:50:36]} 0-1

[Event "4NCL 2019-20"]
[Site "Daventry"]
[Date "2020.02.09"]
[Round "6"]
[White "Stewart, Ashley"]
[Black "Walton, Alan J"]
[Result "1/2-1/2"]
[WhiteElo "2152"]
[BlackElo "2123"]
[Annotator "ChessBase"]
[PlyCount "121"]
[EventDate "2020.01.11"]
[EventCountry "ENG"]
[SourceTitle "playchess.com"]
[Source "ChessBase"]
[SourceQuality "1"]
[TimeControl "40/6000:3000+30"]

1. c4 {[%emt 0:00:00]} f5 {[%emt 0:00:00]} 2. g3 {[%emt 0:00:00]} Nf6 {[%emt 0:00:00]} 3. Bg2 {[%emt 0:00:00]} d6 {[%emt 0:00:00]} 4. Nc3 {[%emt 0:00:00]} e5 {[%emt 0:00:00]} 5. e3 {[%emt 0:00:00]} Be7 {[%emt 0:00:53]} 6. Nge2 {[%emt 0:00:00]} O-O {[%emt 0:00:05]} 7. d3 {[%emt 0:00:00]} Qe8 {[%emt 0:00:11]} 8. O-O {[%emt 0:00:30]} Nc6 {[%emt 0:00:17]} 9. b3 {[%emt 0:03:01]} Bd8 {[%emt 0:09:01]} 10. f4 {[%emt 0:01:58]} Qh5 {[%emt 0:12:35]} 11. Qd2 {[%emt 0:05:27]} Re8 {[%emt 0:05:34]} 12. Nd5 {[%emt 0:08:31]} Nxd5 {[%emt 0:08:13]} 13. cxd5 {[%emt 0:00:00]} Ne7 {[%emt 0:03:13]} 14. Bb2 {[%emt 0:09:57]} Ng6 {[%emt 0:01:03]} 15. e4 {[%emt 0:04:20]} fxe4 {[%emt 0:00:38]} 16. dxe4 {[%emt 0:00:00]} Bg4 {[%emt 0:00:00]} 17. Rae1 {[%emt 0:01:52]} exf4 {[%emt 0:05:17]} 18. Nxf4 {[%emt 0:03:23]} Qh6 {[%emt 0:03:50]} 19. Qb4 {[%emt 0:05:25]} Rb8 {[%emt 0:04:57]} 20. Nxg6 {[%emt 0:02:03]} Qxg6 {[%emt 0:01:12]} 21. e5 {[%emt 0:08:42]} dxe5 {[%emt 0:00:14]} 22. Rxe5 {[%emt 0:00:21]} Bf6 {[%emt 0:02:32]} 23. Rxe8+ {[%emt 0:08:40]} Rxe8 {[%emt 0:00:00]} 24. Bxf6 {[%emt 0:00:39]} gxf6 {[%emt 0:00:00]} 25. Qxb7 {[%emt 0:02:18]} Qc2 {[%emt 0:00:11]} 26. Qc6 {[%emt 0:05:18]} Re2 {[%emt 0:00:16]} 27. Qxc2 {[%emt 0:02:41]} Rxc2 {[%emt 0:00:27]} 28. Rf4 {[%emt 0:07:05]} Rc1+ {[%emt 0:00:06]} 29. Kf2 {[%emt 0:05:13]} Rc2+ {[%emt 0:00:00]} 30. Kg1 {[%emt 0:03:46]} Rc1+ {[%emt 0:00:00]} 31. Rf1 {[%emt 0:00:24]} Rc2 {[%emt 0:00:00]} 32. Rxf6 {[%emt 0:01:35]} Rxa2 {[%emt 0:00:00]} 33. h3 {[%emt 0:02:14]} Bd1 {[%emt 0:02:53]} 34. Rc6 {[%emt 0:02:13]} Bxb3 {[%emt 0:00:00]} 35. Rxc7 {[%emt 0:00:00]} Rd2 {[%emt 0:00:22]} 36. Rc8+ {[%emt 0:00:04]} Kg7 {[%emt 0:00:00]} 37. Rc7+ {[%emt 0:00:00]} Kg8 {[%emt 0:00:00]} 38. Rxa7 {[%emt 0:00:58]} Rd1+ {[%emt 0:00:16]} 39. Kh2 {[%emt 0:00:13]} Bxd5 {[%emt 0:00:00]} 40. Bxd5+ {[%emt 0:00:28]} Rxd5 {[%emt 0:00:00]} 41. Kg2 {[%emt 0:04:12]} Rf5 {[%emt 0:00:12]} 42. g4 {[%emt 0:06:38]} Rb5 {[%emt 0:00:41]} 43. h4 {[%emt 0:00:21]} h5 {[%emt 0:00:58]} 44. g5 {[%emt 0:00:50]} Rb4 {[%emt 0:00:02]} 45. Kg3 {[%emt 0:01:57]} Rg4+ {[%emt 0:00:05]} 46. Kh3 {[%emt 0:00:58]} Rb4 {[%emt 0:00:10]} 47. Ra6 {[%emt 0:01:53]} Kg7 {[%emt 0:00:08]} 48. Rh6 {[%emt 0:00:33]} Rb3+ {[%emt 0:00:03]} 49. Kg2 {[%emt 0:06:30]} Rb2+ {[%emt 0:00:11]} 50. Kf3 {[%emt 0:04:01]} Rb3+ {[%emt 0:00:05]} 51. Ke2 {[%emt 0:01:20]} Rb4 {[%emt 0:00:15]} 52. Rxh5 {[%emt 0:00:16]} Rb6 {[%emt 0:00:03]} 53. Kd3 {[%emt 0:02:10]} Ra6 {[%emt 0:00:03]} 54. Kc4 {[%emt 0:01:05]} Rc6+ {[%emt 0:00:13]} 55. Kd5 {[%emt 0:00:24]} Ra6 {[%emt 0:00:04]} 56. Ke5 {[%emt 0:00:06]} Ra5+ {[%emt 0:00:04]} 57. Ke6 {[%emt 0:00:52]} Ra6+ {[%emt 0:00:04]} 58. Kd7 {[%emt 0:00:18]} Ra7+ {[%emt 0:00:10]} 59. Kc6 {[%emt 0:00:19]} Ra6+ {[%emt 0:00:02]} 60. Kb7 {[%emt 0:00:05]} Re6 {[%emt 0:00:03]} 61. Ka8 {[%emt 0:04:22]} 1/2-1/2